FoxPro - cesty analytického myšlení

Salvato in:
Dettagli Bibliografici
Autore principale: Kukal, Jaromír
Natura: Libro
Lingua:ceco
Pubblicazione: Praha Grada 1992
Edizione:1. vyd.
Serie:Nestůjte za dveřmi
Soggetti:
Tags: Aggiungi Tag
Nessun Tag, puoi essere il primo ad aggiungerne!!

MARC

LEADER 00000nam a2200000 4500
001 c003637
005 20221214085628.2
020 |a 80-85424-29-0 
041 0 |a cze 
044 |a CZ 
245 1 0 |a FoxPro - cesty analytického myšlení  |c Jaromír Kukal 
250 |a 1. vyd. 
264 1 |a Praha  |b Grada  |c 1992 
300 |a 250 s. 
490 1 |a Nestůjte za dveřmi 
830 0 |a Nestůjte za dveřmi 
610 2 0 |a FoxPro 
610 2 0 |a programy počítačové 
610 2 0 |a systémy počítačové 
610 2 0 |a spracovanie dát 
610 2 0 |a dáta 
610 2 0 |a báza dát 
610 2 0 |a využitie počítačov 
610 2 0 |a výstavba systémov informačných 
100 1 |a Kukal, Jaromír